00491nam a2200193 a 4500001001300000003000900013005001700022008004100039020002300080082001700103100001500120245004000135260003000175300000900205500003500214505001000249650002300259700001500282nice12345678IN_TiNIC20260116013320.0050524s1987 dela grp 000 0 eng  a8185054 c10000a922.945bYAD aYadav, K C aAutobiography of Dayanand Saraswati aDelhibManohar Pub.c1987 a136p aincludes index and biblioraphy2 aIndex aDayanand Saraswati1 aYadav, K C